Introduccion al derecho / (Registro nro. 28120)

Detalles MARC
000 -LEADER
fixed length control field 01050nam a2200265Ia 4500
003 - CONTROL NUMBER IDENTIFIER
control field CO-CtgCURN
005 - DATE AND TIME OF LATEST TRANSACTION
control field 20250407220245.0
008 - FIXED-LENGTH DATA ELEMENTS--GENERAL INFORMATION
fixed length control field 190722s9999 xx 000 0 und d
040 ## - CATALOGING SOURCE
Original cataloging agency CO-CtgCURN
Language of cataloging spa
Transcribing agency coctgcurn
082 ## - DEWEY DECIMAL CLASSIFICATION NUMBER
Classification number 340.1
Item number R741
100 ## - MAIN ENTRY--PERSONAL NAME
Personal name Rojas Pineres, Ezequiel Fernando
245 #0 - TITLE STATEMENT
Title Introduccion al derecho /
Statement of responsibility, etc. Ezequiel Fernando Rojas Pineres
250 ## - EDITION STATEMENT
Edition statement 1 edición
260 ## - PUBLICATION, DISTRIBUTION, ETC.
Place of publication, distribution, etc. Bogotá, Colombia :
Name of publisher, distributor, etc. Leyer,
Date of publication, distribution, etc. 1997
300 ## - PHYSICAL DESCRIPTION
Extent 412 páginas ;
Dimensions 22 centímetros
504 ## - BIBLIOGRAPHY, ETC. NOTE
Bibliography, etc. note Incluye referencias bibliográficas
505 ## - FORMATTED CONTENTS NOTE
Formatted contents note pte. I. Compendio a las nociones fundamentales -- pte. II. De los conceptos juridicos fundamentales -- pte. III. De los conflictos de las leyes -- pte. Iv. El negocio juridico
521 ## - TARGET AUDIENCE NOTE
Target audience note AREA PROFESIONAL
590 ## - LOCAL NOTE (RLIN)
Local note Programa de Derecho_18
650 ## - SUBJECT ADDED ENTRY--TOPICAL TERM
Topical term or geographic name entry element Derecho
650 ## - SUBJECT ADDED ENTRY--TOPICAL TERM
Topical term or geographic name entry element Filosofia del derecho
942 ## - ADDED ENTRY ELEMENTS (KOHA)
Koha item type Libros
Classification part 340.1
Item part R741
Koha issues (borrowed), all copies 1
Source of classification or shelving scheme Dewey Decimal Classification
Suppress in OPAC No
Existencias
Withdrawn status Lost status Damaged status Not for loan Collection Home library Current library Shelving location Date acquired Inventory number Total checkouts Full call number Barcode Date last seen Copy number Price effective from Koha item type Date last checked out
          Miguel Henríquez Castañeda Barranquilla Miguel Henríquez Castañeda Barranquilla General 05/23/2018 00815   340.1 R741 00815 07/22/2019 ej.1 07/22/2019 Libros  
          Miguel Henríquez Castañeda Barranquilla Miguel Henríquez Castañeda Barranquilla General 05/23/2018 00816 2 340.1 R741 00816 02/11/2025 ej.2 07/22/2019 Libros 02/11/2025